Every Button on the Keyboard - Statistics

General Stats
  • This quiz has been taken 31 times
  • The average score is 50 of 65
Answer Stats
Key % Correct
1
100%
2
100%
3
100%
4
100%
5
100%
6
100%
7
100%
8
100%
c
100%
d
100%
e
100%
f
100%
h
100%
j
100%
k
100%
l
100%
m
100%
p
100%
s
100%
0
95%
9
95%
a
95%
b
95%
g
95%
i
95%
n
95%
o
95%
q
95%
r
95%
v
95%
w
95%
x
95%
z
95%
t
90%
u
90%
y
86%
-
52%
=
52%
[
52%
]
52%
\
52%
;
52%
'
52%
,
52%
.
52%
/
52%
!
52%
@
52%
#
52%
$
52%
%
52%
^
52%
&
52%
*
52%
(
52%
)
52%
_
52%
+
52%
{
52%
}
52%
|
52%
:
52%
"
52%
>
52%
?
52%
No matching quizzes found
Score Distribution
Percent of People with Each Score
Percentile by Number Answered
Your Score History
You have not taken this quiz